000 00412cam a2200169 4500
001 D14366
008 090401t1929 xxu||||| |||| 00| 0 eng d
035 _a(Sirsi) u15135
041 _aeng
110 _aThe War Office
_93244
245 _aManual of map reading, photo reading and field sketching
260 _aLondon
_bHMSO
_c1929
350 _a0
520 _aShelf 183
942 _n0
948 _c04/03/1997
999 _c87256
_d87256